000 00635nam a2200169 4500
999 _c5985
_d5985
008 161207b xxu||||| |||| 00| 0 eng d
022 _a00914169
082 _aDPer 364.05 J82 2014 v. 104, n. 3
100 _918172
_aUggen, Christopher
245 _aParental incarceration:
_bwhat we know and where we know and where we need to go/
_cChristopher Uggen and Suzy McElrath.
260 _aEvanston:
_bNorthern University Press,
_c©2014.
300 _av104 n3, pages 597-604;
_c25 cm.
500 _aThe Journal of criminal law and criminology.
650 0 _918173
_aPrisons
700 _918174
_aMcElrath, Suzy
_eAuthor
942 _2ddc
_cPER